000 00371nam a2200145Ia 4500
008 230917s9999||||xx |||||||||||||| ||und||
040 _e45934
_aMAIN
041 _aEnglish
082 _a361 M579U
100 _aMhetras, V G
245 0 _aUnderstanding social case work: A study in perspective
260 _aBombay
_bManaktalas
_c1966
300 _a135 p.
942 _cBK
999 _c196373
_d196373